<?xml version="1.0" encoding="UTF-8"?>
<marc:record xmlns:marc="http://www.loc.gov/MARC21/slim">
   <marc:leader>00000nam a2200000 a 4500</marc:leader>
   <marc:datafield ind1="1" ind2=" " tag="100">
      <marc:subfield code="a">Tōma, Rei</marc:subfield>
      <marc:subfield code="4">aut</marc:subfield>
      <marc:subfield code="e">Verfasser/-in</marc:subfield>
   </marc:datafield>
   <marc:datafield ind1=" " ind2=" " tag="653">
      <marc:subfield code="a">Softcover / Belletristik/Comic</marc:subfield>
   </marc:datafield>
   <marc:datafield ind1=" " ind2=" " tag="653">
      <marc:subfield code="a">Cartoon</marc:subfield>
   </marc:datafield>
   <marc:datafield ind1=" " ind2=" " tag="653">
      <marc:subfield code="a">Humor</marc:subfield>
   </marc:datafield>
   <marc:datafield ind1=" " ind2=" " tag="653">
      <marc:subfield code="a">Satire/Manga</marc:subfield>
   </marc:datafield>
   <marc:datafield ind1=" " ind2=" " tag="653">
      <marc:subfield code="a">Manhwa</marc:subfield>
   </marc:datafield>
   <marc:datafield ind1="0" ind2="0" tag="245">
      <marc:subfield code="a">Dawn of Arcana</marc:subfield>
   </marc:datafield>
   <marc:datafield ind1="0" ind2="0" tag="245">
      <marc:subfield code="c">Rei Toma. [Aus dem Japan. von Yohana Araki</marc:subfield>
   </marc:datafield>
   <marc:datafield ind1=" " ind2="1" tag="264">
      <marc:subfield code="a">Hamburg</marc:subfield>
      <marc:subfield code="b">Carlsen</marc:subfield>
      <marc:subfield code="c">2013</marc:subfield>
   </marc:datafield>
   <marc:datafield ind1="1" ind2=" " tag="520">
      <marc:subfield code="a">Angaben aus der Verlagsmeldung

Dawn of Arcana, Band 7 / von Rei Toma

Die Erfolgsautorin von EINFACH NUR S UND ABSOLUT M erschafft mit ihrem neuen Manga eine fremdartige Welt voller Mythen und Magie. Wie gewohnt zaubert Rei Toma ihren Charakteren den Ausdruck einer komplexen Gefühlswelt in die Gesichter. Sie beweist mit gekonntem Strich, dass ihre Geschichten das Zeug zum Klassiker haben. Damit wieder Frieden herrscht, muss Prinzessin Nakaba einen Prinzen aus dem kriegerischen Königreich Belquat heiraten. Doch in Belquat wird ihr Diener und Vertrauter Loki vom Hof gejagt und die Prinzessin fühlt sich dort als Gefangene. Kein Wunder also, dass sie den Tod ihres zukünftigen Gemahls vor dem inneren Auge sieht. Ein Wunschtraum - oder eine Vorhersehung? Von DAWN OF ARCANA sind in Japan bislang zehn Bände erschienen.
</marc:subfield>
   </marc:datafield>
   <marc:datafield ind1=" " ind2=" " tag="020">
      <marc:subfield code="a">9783551766229</marc:subfield>
      <marc:subfield code="9">9783551766229</marc:subfield>
   </marc:datafield>
   <marc:datafield ind1=" " ind2=" " tag="020">
      <marc:subfield code="a">3551766223</marc:subfield>
      <marc:subfield code="9">3551766223</marc:subfield>
   </marc:datafield>
   <marc:datafield ind1=" " ind2=" " tag="041">
      <marc:subfield code="a">ger</marc:subfield>
   </marc:datafield>
   <marc:datafield ind1=" " ind2=" " tag="300">
      <marc:subfield code="a">165 S.</marc:subfield>
   </marc:datafield>
</marc:record>
